<?xml version="1.0" encoding="UTF-8"?>
<record
    xmlns:xsi="http://www.w3.org/2001/XMLSchema-instance"
    xsi:schemaLocation="http://www.loc.gov/MARC21/slim http://www.loc.gov/standards/marcxml/schema/MARC21slim.xsd"
    xmlns="http://www.loc.gov/MARC21/slim">

  <leader>03040ngm a2200493   4500</leader>
  <controlfield tag="003">dpl</controlfield>
  <controlfield tag="005">20081120111436.0</controlfield>
  <controlfield tag="007">DVD </controlfield>
  <controlfield tag="008">||||||sp199   xxu|||||c |||  00| 0 ng d </controlfield>
  <datafield tag="010" ind1=" " ind2=" ">
    <subfield code="a">DVD-001237-1239 &amp; DVD-004536-4541</subfield>
  </datafield>
  <datafield tag="024" ind1=" " ind2=" ">
    <subfield code="a">SHE DVD 119</subfield>
    <subfield code="c">169.00</subfield>
  </datafield>
  <datafield tag="035" ind1=" " ind2=" ">
    <subfield code="a">DVD-001237-1239</subfield>
  </datafield>
  <datafield tag="035" ind1=" " ind2=" ">
    <subfield code="a">DVD-004536-4541</subfield>
  </datafield>
  <datafield tag="040" ind1=" " ind2=" ">
    <subfield code="a">DPL</subfield>
    <subfield code="c">DPL</subfield>
  </datafield>
  <datafield tag="082" ind1=" " ind2=" ">
    <subfield code="a">DVD / DIL</subfield>
  </datafield>
  <datafield tag="245" ind1=" " ind2=" ">
    <subfield code="a">Dil</subfield>
    <subfield code="c">Maruti International Presents</subfield>
    <subfield code="h">[videorecording] DVD/</subfield>
  </datafield>
  <datafield tag="260" ind1=" " ind2=" ">
    <subfield code="b">Shemaroo Video Pvt. Ltd.</subfield>
  </datafield>
  <datafield tag="300" ind1=" " ind2=" ">
    <subfield code="a">1 videodisc DVD; (173 min.) :</subfield>
    <subfield code="b">sd., col. ;</subfield>
    <subfield code="c">4 3/4 in.</subfield>
    <subfield code="f">DVD</subfield>
  </datafield>
  <datafield tag="440" ind1=" " ind2=" ">
    <subfield code="a">Shemaroo Home Entertainment</subfield>
  </datafield>
  <datafield tag="500" ind1=" " ind2=" ">
    <subfield code="a">Digitally Re-Mastered From the Original Film</subfield>
  </datafield>
  <datafield tag="500" ind1=" " ind2=" ">
    <subfield code="a">Interactive Menus of Songs and Scenes for Easy Access</subfield>
  </datafield>
  <datafield tag="500" ind1=" " ind2=" ">
    <subfield code="a">Filmfare Award Winner Best Actress: Madhuri Dixit</subfield>
  </datafield>
  <datafield tag="538" ind1=" " ind2=" ">
    <subfield code="a">Dolby Digital 5.1 - Hindi Subtitles: English</subfield>
  </datafield>
  <datafield tag="650" ind1=" " ind2=" ">
    <subfield code="a">Motion Picture</subfield>
  </datafield>
  <datafield tag="700" ind1=" " ind2=" ">
    <subfield code="a">Indira Kumar</subfield>
  </datafield>
  <datafield tag="700" ind1=" " ind2=" ">
    <subfield code="a">Thakeria, Ashok</subfield>
  </datafield>
  <datafield tag="700" ind1=" " ind2=" ">
    <subfield code="a">Anand Miland</subfield>
  </datafield>
  <datafield tag="700" ind1=" " ind2=" ">
    <subfield code="a">Amir Khan</subfield>
  </datafield>
  <datafield tag="700" ind1=" " ind2=" ">
    <subfield code="a">Dixit, Madhuri</subfield>
  </datafield>
  <datafield tag="700" ind1=" " ind2=" ">
    <subfield code="a">Kher, Anupam</subfield>
  </datafield>
  <datafield tag="700" ind1=" " ind2=" ">
    <subfield code="a">Jaffery, Saeed</subfield>
  </datafield>
  <datafield tag="942" ind1=" " ind2=" ">
    <subfield code="c">CF</subfield>
    <subfield code="2">ddc</subfield>
    <subfield code="h">DVD</subfield>
    <subfield code="m">DIL</subfield>
  </datafield>
  <datafield tag="999" ind1=" " ind2=" ">
    <subfield code="c">18835</subfield>
    <subfield code="d">18835</subfield>
  </datafield>
  <datafield tag="952" ind1=" " ind2=" ">
    <subfield code="0">0</subfield>
    <subfield code="1">0</subfield>
    <subfield code="2">ddc</subfield>
    <subfield code="4">0</subfield>
    <subfield code="7">0</subfield>
    <subfield code="a">L</subfield>
    <subfield code="b">L</subfield>
    <subfield code="d">2008-11-20</subfield>
    <subfield code="e">Purchase</subfield>
    <subfield code="g">169.00</subfield>
    <subfield code="l">12</subfield>
    <subfield code="o">DVD DIL</subfield>
    <subfield code="p">DVD-001237</subfield>
    <subfield code="r">2017-07-14 00:00:00</subfield>
    <subfield code="s">2017-07-07</subfield>
    <subfield code="t">1</subfield>
    <subfield code="v">169.00</subfield>
    <subfield code="w">2008-11-20</subfield>
    <subfield code="y">CF</subfield>
  </datafield>
  <datafield tag="952" ind1=" " ind2=" ">
    <subfield code="0">0</subfield>
    <subfield code="1">0</subfield>
    <subfield code="2">ddc</subfield>
    <subfield code="4">0</subfield>
    <subfield code="7">0</subfield>
    <subfield code="a">ZLS</subfield>
    <subfield code="b">ZLS</subfield>
    <subfield code="d">2008-11-20</subfield>
    <subfield code="e">Purchase</subfield>
    <subfield code="g">169.00</subfield>
    <subfield code="l">7</subfield>
    <subfield code="o">DVD DIL</subfield>
    <subfield code="p">DVD-001238</subfield>
    <subfield code="r">2015-12-28 00:00:00</subfield>
    <subfield code="s">2015-12-19</subfield>
    <subfield code="t">1</subfield>
    <subfield code="v">169.00</subfield>
    <subfield code="w">2008-11-20</subfield>
    <subfield code="y">CF</subfield>
  </datafield>
  <datafield tag="952" ind1=" " ind2=" ">
    <subfield code="0">0</subfield>
    <subfield code="1">0</subfield>
    <subfield code="2">ddc</subfield>
    <subfield code="4">0</subfield>
    <subfield code="7">0</subfield>
    <subfield code="a">BL1</subfield>
    <subfield code="b">BL1</subfield>
    <subfield code="d">2008-11-20</subfield>
    <subfield code="e">Purchase</subfield>
    <subfield code="g">169.00</subfield>
    <subfield code="l">9</subfield>
    <subfield code="o">DVD DIL</subfield>
    <subfield code="p">DVD-001239</subfield>
    <subfield code="r">2014-03-05 00:00:00</subfield>
    <subfield code="s">2014-02-24</subfield>
    <subfield code="t">1</subfield>
    <subfield code="v">169.00</subfield>
    <subfield code="w">2008-11-20</subfield>
    <subfield code="y">CF</subfield>
  </datafield>
  <datafield tag="952" ind1=" " ind2=" ">
    <subfield code="0">0</subfield>
    <subfield code="1">0</subfield>
    <subfield code="2">ddc</subfield>
    <subfield code="4">0</subfield>
    <subfield code="7">0</subfield>
    <subfield code="a">JP</subfield>
    <subfield code="b">JP</subfield>
    <subfield code="d">2009-11-12</subfield>
    <subfield code="e">Pioneers/885/29-10-09/325/13-10-09 /06-11-09 </subfield>
    <subfield code="g">169.00</subfield>
    <subfield code="l">5</subfield>
    <subfield code="o">DVD DIL</subfield>
    <subfield code="p">DVD-004536</subfield>
    <subfield code="r">2013-02-27 00:00:00</subfield>
    <subfield code="s">2013-02-14</subfield>
    <subfield code="t">1</subfield>
    <subfield code="v">169.00</subfield>
    <subfield code="w">2009-11-12</subfield>
    <subfield code="y">CF</subfield>
  </datafield>
  <datafield tag="952" ind1=" " ind2=" ">
    <subfield code="0">0</subfield>
    <subfield code="1">0</subfield>
    <subfield code="2">ddc</subfield>
    <subfield code="4">0</subfield>
    <subfield code="7">0</subfield>
    <subfield code="a">RKP</subfield>
    <subfield code="b">RKP</subfield>
    <subfield code="d">2009-11-12</subfield>
    <subfield code="e">Pioneers/885/29-10-09/325/13-10-09 /06-11-09 </subfield>
    <subfield code="g">169.00</subfield>
    <subfield code="l">1</subfield>
    <subfield code="o">DVD DIL</subfield>
    <subfield code="p">DVD-004537</subfield>
    <subfield code="r">2011-06-06 00:00:00</subfield>
    <subfield code="s">2011-05-24</subfield>
    <subfield code="t">1</subfield>
    <subfield code="v">169.00</subfield>
    <subfield code="w">2009-11-12</subfield>
    <subfield code="y">CF</subfield>
  </datafield>
  <datafield tag="952" ind1=" " ind2=" ">
    <subfield code="0">0</subfield>
    <subfield code="1">0</subfield>
    <subfield code="2">ddc</subfield>
    <subfield code="4">0</subfield>
    <subfield code="7">0</subfield>
    <subfield code="a">VP</subfield>
    <subfield code="b">VP</subfield>
    <subfield code="d">2009-11-12</subfield>
    <subfield code="e">Pioneers/885/29-10-09/325/13-10-09 /06-11-09 </subfield>
    <subfield code="g">169.00</subfield>
    <subfield code="l">1</subfield>
    <subfield code="o">DVD DIL</subfield>
    <subfield code="p">DVD-004538</subfield>
    <subfield code="r">2010-10-30 00:00:00</subfield>
    <subfield code="s">2010-10-28</subfield>
    <subfield code="t">1</subfield>
    <subfield code="v">169.00</subfield>
    <subfield code="w">2009-11-12</subfield>
    <subfield code="y">CF</subfield>
  </datafield>
  <datafield tag="952" ind1=" " ind2=" ">
    <subfield code="0">0</subfield>
    <subfield code="1">0</subfield>
    <subfield code="2">ddc</subfield>
    <subfield code="4">0</subfield>
    <subfield code="7">0</subfield>
    <subfield code="a">BL3</subfield>
    <subfield code="b">BL3</subfield>
    <subfield code="d">2009-11-12</subfield>
    <subfield code="e">Pioneers/885/29-10-09/325/13-10-09 /06-11-09 </subfield>
    <subfield code="g">169.00</subfield>
    <subfield code="l">4</subfield>
    <subfield code="o">DVD DIL</subfield>
    <subfield code="p">DVD-004539</subfield>
    <subfield code="r">2014-06-24 00:00:00</subfield>
    <subfield code="s">2014-06-16</subfield>
    <subfield code="t">1</subfield>
    <subfield code="v">169.00</subfield>
    <subfield code="w">2009-11-12</subfield>
    <subfield code="y">CF</subfield>
  </datafield>
  <datafield tag="952" ind1=" " ind2=" ">
    <subfield code="0">0</subfield>
    <subfield code="1">0</subfield>
    <subfield code="2">ddc</subfield>
    <subfield code="4">0</subfield>
    <subfield code="7">0</subfield>
    <subfield code="a">NR</subfield>
    <subfield code="b">NR</subfield>
    <subfield code="d">2009-11-12</subfield>
    <subfield code="e">Pioneers/885/29-10-09/325/13-10-09 /06-11-09 </subfield>
    <subfield code="g">169.00</subfield>
    <subfield code="l">4</subfield>
    <subfield code="o">DVD DIL</subfield>
    <subfield code="p">DVD-004540</subfield>
    <subfield code="r">2012-02-16 00:00:00</subfield>
    <subfield code="s">2012-02-16</subfield>
    <subfield code="t">1</subfield>
    <subfield code="v">169.00</subfield>
    <subfield code="w">2009-11-12</subfield>
    <subfield code="y">CF</subfield>
  </datafield>
  <datafield tag="952" ind1=" " ind2=" ">
    <subfield code="0">0</subfield>
    <subfield code="1">0</subfield>
    <subfield code="2">ddc</subfield>
    <subfield code="4">0</subfield>
    <subfield code="7">0</subfield>
    <subfield code="a">BL4</subfield>
    <subfield code="b">BL4</subfield>
    <subfield code="d">2009-11-12</subfield>
    <subfield code="e">Pioneers/885/29-10-09/325/13-10-09 /06-11-09 </subfield>
    <subfield code="g">169.00</subfield>
    <subfield code="l">0</subfield>
    <subfield code="o">DVD DIL</subfield>
    <subfield code="p">DVD-004541</subfield>
    <subfield code="r">2009-11-12 00:00:00</subfield>
    <subfield code="t">1</subfield>
    <subfield code="v">169.00</subfield>
    <subfield code="w">2009-11-12</subfield>
    <subfield code="y">CF</subfield>
  </datafield>
</record>
